¿Puede la neurociencia cambiar nuestra mente?

Shranjeno v:
Bibliografske podrobnosti
Glavni avtor: Rose, Hilary (autora)
Drugi avtorji: Rose, Steven (autor)
Format: Neznan
Izdano: Madrid, España: Ediciones Morata, 2017.
Teme:
Oznake: Označite
Brez oznak, prvi označite!

MARC

LEADER 00000 a2200000 4500
003 CL-VaPUC
005 20220718115512.0
008 220707t2017 ||||| |||| 00| 0 eng d
999 |c 436293  |d 436291 
020 |a 978-84-7112-841-6 
040 |c Pontificia Universidad Católica de Valparaíso 
082 7 |a 612.8 ROS 2017  |2 22 
100 |a Rose, Hilary   |9 871348  |e autora 
245 |a ¿Puede la neurociencia cambiar nuestra mente? 
260 |a Madrid, España:  |b Ediciones Morata,  |c 2017. 
300 |a 97 páginas. 
583 |k Cristina María Rojas Aguilar  |c 20220707 
650 |a Neurofisiología   |9 872575 
650 |a Neurociencias   |9 525904 
700 |a Rose, Steven  |e autor  |9 872324 
942 |2 ddc  |c BK 
952 |0 0  |1 0  |2 ddc  |4 0  |6 612_800000000000000_ROS_2017  |7 0  |8 A  |9 584469  |a BIBTEO  |b BIBTEO  |c GEN  |d 2022-07-07  |e 62  |g 17850.00  |i 5652681  |o 612.8 ROS 2017  |p 5652681  |r 2025-01-17  |t 1  |v 17850.00  |w 2022-07-07  |y BK  |k ICR